Thinking about GIS (Record no. 106881)

MARC details
000 -LEADER
fixed length control field 01738cam a22002535a 4500
001 - CONTROL NUMBER
control field L137711
008 - FIXED-LENGTH DATA ELEMENTS--GENERAL INFORMATION
fixed length control field 080724s2003 xxkdo f 001 0 eng d
020 ## - INTERNATIONAL STANDARD BOOK NUMBER
International Standard Book Number 18589480708
035 ## - SYSTEM CONTROL NUMBER
System control number (Sirsi) u137711
041 0# - LANGUAGE CODE
Language code of text/sound track or separate title eng
050 04 - LIBRARY OF CONGRESS CALL NUMBER
Classification number 526.9823 $2 18
100 1# - MAIN ENTRY--PERSONAL NAME
Personal name Tomlinson, Roger
245 00 - TITLE STATEMENT
Title Thinking about GIS
Remainder of title geographic information system planning for managers
250 ## - EDITION STATEMENT
Edition statement Redlands
Remainder of edition statement ERSI
-- 2003
260 ## - PUBLICATION, DISTRIBUTION, ETC.
Place of publication, distribution, etc. ERSI Press
Date of publication, distribution, etc. 2003
300 ## - PHYSICAL DESCRIPTION
Extent xx, 283p.
Other physical details ill.
Dimensions 24cm.
350 ## - PRICE (NR) (BK AM CF MU VM SE) [OBSOLETE]
Price 25
505 2# - FORMATTED CONTENTS NOTE
Formatted contents note GIS: the whole picture -- Overview of the method -- Consider the strategic purpose -- Plan for the planning -- Conduct a technology seminar -- Describe the information products -- Define the system scope -- Create a data design -- Choose a logical data model -- determine system requirements -- Benefit-cost, migration, and risk analysis -- make an implementation plan -- Appendix A: GIS job descriptions -- Appendix B: benchmark testing -- Appendix C: network design planning factors
520 ## - SUMMARY, ETC.
Summary, etc. Book describes a practical method for implementing a geographic information system developed by Roger Tomlinson, considered by many to be the 'father of GIS'. His ten stage methodology is built around the concept of truly understanding the purpose of the organisation requesting it and the business environment in which it operates. The book is aimed at senior managers who oversee GIS and other information technologies and technical managers responsible for the implementation of these systems. It aims to give both groups a shared platform for GIS planning.
521 ## - TARGET AUDIENCE NOTE
Target audience note Advanced
651 #4 - SUBJECT ADDED ENTRY--GEOGRAPHIC NAME
Geographic name International
690 ## - LOCAL SUBJECT ADDED ENTRY--TOPICAL TERM (OCLC, RLIN)
Topical term or geographic name as entry element ENVIRONMENTAL AND LAND CONSULTANCY-GEOMATICS-MAPPING AND POSITIONING-CARTOGRAPHY
942 ## - ADDED ENTRY ELEMENTS (KOHA)
Suppress in OPAC 0
Holdings
Withdrawn status Lost status Source of classification or shelving scheme Damaged status Not for loan Home library Current library Shelving location Date acquired Total Checkouts Full call number Barcode Date last seen Copy number Price effective from Koha item type
    Dewey Decimal Classification     London London Books 24/07/2008   526.9823 TOM 30073818 06/08/2019 1 06/08/2019 Book